| Поле | Инд. | ПП | Название | Значение |
|---|---|---|---|---|
| Тип записи | a | |||
| Библиографический уровень | b | |||
| 001 | Контрольный номер | RU/IS/BASE/294238713 | ||
| 005 | Дата корректировки | 20200630193239.0 | ||
| 008 | Кодируемые данные | 20090428 | ||
| 040 | b | Код языка каталог. | rus | |
| e | Правила каталог. | PSBO | ||
| 041 | 0_ | a | Код языка текста | rus |
| 084 | a | Индекс другой классификации/Индекс ББК | 81.411.2-2 | |
| 100 | 1_ | a | Автор | Всеволодова М. В. |
| 100 | 1_ | a | Автор | Панков Ф. И. |
| 245 | 10 | a | Заглавие | К вопросу о категориальном характере актуального членения и его роли в русском высказывании |
| n | Номер части/ раздела | Статья 1 | ||
| 504 | a | Библиография | Библиогр. - Примеч.: с. 30 - 33 | |
| 520 | 0_ | a | Аннотация | В статье анализируются понятие коммуникативной парадигмы слова и словоформы. Предлагаемый материал рассмотрен по следующим аспектам: коммуникативные роли и их типы как категория в их соотнесении с интонационными конструкциями; понятие коммуникативной парадигмы словоформы как системного явления русского языка; типы коммуникативных парадигм и их соотнесенность с лексико-семантическими вариантами отдельных слов |
| 650 | 14 | a | Основная рубрика | грамматика |
| a | Основная рубрика | русский язык | ||
| a | Основная рубрика | филологические науки | ||
| a | Основная рубрика | частное языкознание | ||
| a | Основная рубрика | языкознание | ||
| 653 | 1_ | a | Ключевые слова | высказывание |
| a | Ключевые слова | интонационные конструкции | ||
| a | Ключевые слова | интонация | ||
| a | Ключевые слова | коммуникативные роли | ||
| a | Ключевые слова | лексика | ||
| a | Ключевые слова | линейно-интонационная структура | ||
| a | Ключевые слова | предложение | ||
| a | Ключевые слова | синтаксис | ||
| a | Ключевые слова | словоформы | ||
| 773 | 08 | t | Заглавие источника | Вестник Московского университета. Серия 9, Филология |
| d | Дата издания источника | 2008 | ||
| g | Прочая информация | № 6. - С. 9 - 33 : табл., схем. | ||
| w | Контрольный № источника | RU/IS/BASE/293109115 | ||
| 901 | t | Тип документа | b |